00369nam a22001217a 450000500170000002000230001703500230004003700130006310000150007624500990009126000320019030000250022220180809150631.0 a8170815201c192.00 aB-059667, B-059669 aDPLbENG aDhal, U.N. aSiva Purana (Uttarakhanda) :b(Text with english translation and introduction) /cby U.N. Dhal aDelhibNag Publishersc2000 axiii, 802p.c20 cms.